| 000 | 00560nam a2200229Ia 4500 | ||
|---|---|---|---|
| 003 | OSt | ||
| 005 | 20231004142828.0 | ||
| 008 | 210210b1957 xxu||||| |||| 00| 0 eng d | ||
| 040 | _cAL | ||
| 041 | _aeng | ||
| 082 | _a532/94 | ||
| 100 |
_aSTARLING (S G) _9135997 |
||
| 245 | _aMechanical properties of matter | ||
| 260 |
_aLondon _bMacmillan & Co. Ltd. _c1957 |
||
| 300 | _avii,336 | ||
| 650 |
_aproperties _9135998 |
||
| 650 |
_aMechanical _9135999 |
||
| 650 |
_amatter _9136000 |
||
| 690 |
_aMechanics _9136001 |
||
| 906 | _a008459 | ||
| 942 |
_2ddc _cBK |
||
| 999 |
_c126322 _d126322 |
||